40 mots de l'automobile en anglais - Statistiques

Statistiques générales
  • Ce quiz a été pris 221 fois
  • Le résultat moyen est 24 sur 40
Statistiques - réponses
Anglais Indice Français % Correct
Brake F Frein
93%
Air conditionning C Climatisation
85%
Mirror R Rétroviseur
85%
Wheel R Roue
85%
Seat S Siège
85%
Window V Vitre
84%
Engine M Moteur
83%
Roof T Toit
83%
Hand brake F Frein à main
80%
Gas pedal A Accélérateur
78%
Glove box B Boite à gant
76%
Seat/Safety belt C Ceinture de sécurité
74%
Cigarette lighter A Allume-cigare
73%
Turn signal C Clignotant
72%
Tire P Pneu
71%
Door P Portière
71%
Dashboard T Tableau de bord
71%
Steering wheel V Volant
66%
Licence plate P Plaque d'immatriculation
62%
Clutch E Embrayage
60%
Headlight P Phare
59%
Car heater C Chauffage
58%
Bumper P Pare-choc
56%
Sun visor P Pare-soleil
56%
Boot/Trunk C Coffre
55%
Sunroof T Toit ouvrant
53%
Gear shift L Levier de vitesse
52%
Windshield P Pare brise
52%
Fog light A Anti brouillard
50%
Hood C Capot
50%
Exhaust pipe P Pot d'échappement
49%
Spare tire R Roue de secours
48%
Bodywork C Carrosserie
47%
Wiper E Essuie-glace
47%
Car stereo A Autoradio
42%
Headrest A Appuie-tête
37%
Dashboard light V Voyant
33%
Hazard light F Feu de détresse
22%
Fender A Aile
21%
Hubcap E Enjoliveur
11%
Aucun quiz correspondant
Distribution des résultats
% des personnes avec chaque résultat
Percentile par nombre de réponses
Votre historique - résultats
Vous n’avez pas pris ce quiz